000
00260nam a22001097a 4500
082
_a
516.24 AYR
100
_a
AYRES FRANK
_9
8744
245
_a
THEORY AND PROBLEMS OF TRIGONOMETRY
260
_a
NEW YORK
_b
MCGRAW HILL
_c
1954
300
_a
207P
942
_c
BK
_2
ddc
999
_c
582730
_d
582730